Best NFL players by team (currently) - Statistics

General Stats
  • This quiz has been taken 319 times
  • The average score is 11 of 15
Answer Stats
Hint Answer % Correct
Chiefs Mahomes
94%
Bills Allen
85%
Dolphins Hill
84%
Vikings Jefferson
84%
Eagles Hurts
82%
Giants Barkley
80%
Bengals Chase
80%
Titans Henry
80%
Cowboys Lamb
79%
Chargers Herbert
76%
Seahawks Metcalf
73%
Raiders Adams
71%
Steelers Watt
63%
49ers Mccaffrey
59%
Lions Brown
53%
No matching quizzes found
Score Distribution
Percent of People with Each Score
Percentile by Number Answered
Your Score History
You have not taken this quiz